| 000 | 01403nam a2200361Ia 4500 | ||
|---|---|---|---|
| 001 | ebr10510592 | ||
| 003 | CaPaEBR | ||
| 006 | m u | ||
| 007 | cr cn||||||||| | ||
| 008 | 111122s2012 inua s 001 0 eng d | ||
| 010 | _z 2011939645 | ||
| 020 | _z1118021967 | ||
| 020 | _z9781118021965 | ||
| 020 | _z9781118221891 | ||
| 040 |
_aCaPaEBR _cCaPaEBR |
||
| 035 | _a(OCoLC)769189274 | ||
| 050 | 1 | 4 |
_aTK5105.888 _b.E954 2012eb |
| 100 | 1 | _aEvjen, Bill. | |
| 245 | 1 | 0 |
_aReal world .NET, C#, and Silverlight _h[electronic resource] : _bindispensible experiences from 15 MVPs / _cBill Evjen, Dominick Baier, Gyorgy Balassy. |
| 260 |
_aIndianapolis, IN : _bWiley Pubishing, Inc., _cc2012. |
||
| 300 |
_axxxiii, 613 p. : _bill. |
||
| 490 | 0 | _aWrox programmer to programmer | |
| 500 | _aIncludes index. | ||
| 533 |
_aElectronic reproduction. _bPalo Alto, Calif. : _cebrary, _d2013. _nAvailable via World Wide Web. _nAccess may be limited to ebrary affiliated libraries. |
||
| 630 | 0 | 0 | _aSilverlight (Electronic resource) |
| 650 | 0 | _aMicrosoft .NET. | |
| 650 | 0 | _aC# (Computer program language) | |
| 650 | 0 | _aWeb site development. | |
| 650 | 0 |
_aApplication software _xDevelopment. |
|
| 655 | 7 |
_aElectronic books. _2local |
|
| 710 | 2 | _aebrary, Inc. | |
| 856 | 4 | 0 |
_uhttp://site.ebrary.com/lib/rucke/Doc?id=10510592 _zAn electronic book accessible through the World Wide Web; click to view |
| 999 |
_c120326 _d120326 |
||